| 000 | 00615nam a2200181Ia 4500 | ||
|---|---|---|---|
| 008 | 170725s9999 xx 000 0 und d | ||
| 100 | _aEero Laukkanen | ||
| 245 | _aProblems, causes and solutions when adopting continuous delivery—A systematic literature review | ||
| 245 | _cEero Laukkanen, Juha Itkonen, Casper Lassenius | ||
| 260 | _c2017 | ||
| 300 | _apages 55-79, February | ||
| 440 |
_aInformation and software technology _v82: |
||
| 500 | _aCJ0029 | ||
| 650 | _aContinuous delivery | ||
| 650 | _aContinuous deployment | ||
| 650 | _aContinuous integration | ||
| 650 | _aSystematic literature review | ||
| 999 |
_c340866 _d340866 |
||